Sports Quiz

Random Sports or Food Quiz

Sports by Cake Quiz Stats

 Plays Quiz Updated Sep 13, 2018

Support Sporcle.
Go Orange.
Score 0/20 Timer 10:00
7 Plays Today
% Correct
Soccer
99.5%
Golf
99%
Boxing
98.1%
Basketball
97.8%
Fishing
97.3%
Ice Hockey
96.3%
Baseball
95.6%
Football
95.3%
Volleyball
94.9%
Snorkeling
94.7%
% Correct
Tennis
94.7%
Cycling
94.4%
Sumo
94%
Darts
93.9%
Gymnastics
93.8%
Rowing
92.2%
Rugby
91.1%
Fencing
91.1%
Hunting
91%
High Jump
88.4%

From the Vault

Big 4 Sports Venue Suffixes

by puckett86

Sports 7m
Quit playing games with our suffixes!
Remove Ads.
Support Sporcle.
Get the best of Sporcle when you Go Orange. This ad-free experience offers more features, more stats, and more fun while also helping to support Sporcle. Thank you for becoming a member.

Show Comments

Extras

Top Quizzes Today


Score Distribution

Your Account Isn't Verified!

In order to create a playlist on Sporcle, you need to verify the email address you used during registration. Go to your Sporcle Settings to finish the process.

Report this User

Report this user for behavior that violates our Community Guidelines.

Details: